000 00715nam a2200241Ia 4500
003 OSt
005 20220918191211.0
006 a|||||r|||| 00| 0
007 ta
008 220917b |||||||| |||| 00| 0 eng d
024 _a61,950
037 _cTextual
040 _aARTS
_cARTS
_beng
041 _2eng
_aeng
082 _aQ41:22515x, L5
100 _aThera Nyanaponika
_975244
245 0 _aWorn out skin
_b contemplations on a Buddhist poem Serpent smile uraga sutta of the Sutta Nipate
260 _aKandy
_bBuddhist Pub Soceity
_c1975
490 _aWheel series; 13
650 _aRELIGION
942 _hQ41:22515x, L5
_cTEXL
_2CC
999 _c188702
_d188702